[Event "Russian Championship (men blitz)"]
[Site "Sochi"]
[Date "2017.10.02"]
[Round "6.26"]
[White "Usmanov, Vasily"]
[Black "Bargandzhiya, Zaza"]
[Result "1-0"]
[LiveChessVersion "1.4.8"]
[BlackElo "2132"]
[WhiteElo "2441"]

1. d4 {[%clk 0:03:04]} Nf6 {[%clk 0:03:04]} 2. c4 {[%clk 0:03:04]} e6
{[%clk 0:03:05]} 3. Nc3 {[%clk 0:03:04]} Bb4 {[%clk 0:03:06]} 4. e3
{[%clk 0:03:05]} O-O {[%clk 0:03:07]} 5. Nge2 {[%clk 0:03:06]} b6
{[%clk 0:03:08]} 6. a3 {[%clk 0:03:07]} Be7 {[%clk 0:03:08]} 7. d5
{[%clk 0:03:04]} Ba6 {[%clk 0:03:05]} 8. Nf4 {[%clk 0:03:02]} e5 {[%clk 0:03:00]}
9. Nh5 {[%clk 0:03:00]} d6 {[%clk 0:02:55]} 10. Nxf6+ {[%clk 0:02:53]} Bxf6
{[%clk 0:02:56]} 11. g4 {[%clk 0:02:50]} Nd7 {[%clk 0:02:48]} 12. Ne4
{[%clk 0:02:30]} Nc5 {[%clk 0:02:48]} 13. Nxc5 {[%clk 0:02:27]} bxc5
{[%clk 0:02:49]} 14. Bd3 {[%clk 0:02:25]} Rb8 {[%clk 0:02:48]} 15. h4
{[%clk 0:02:19]} e4 {[%clk 0:02:43]} 16. Bxe4 {[%clk 0:02:15]} Bxb2
{[%clk 0:02:31]} 17. Bxh7+ {[%clk 0:02:05]} Kh8 {[%clk 0:02:24]} 18. Bxb2
{[%clk 0:02:05]} Rxb2 {[%clk 0:02:26]} 19. Bd3 {[%clk 0:02:04]} Qf6
{[%clk 0:02:15]} 20. O-O {[%clk 0:01:59]} Qxh4 {[%clk 0:02:14]} 21. Kg2
{[%clk 0:01:57]} Kg8 {[%clk 0:02:12]} 22. Qf3 {[%clk 0:01:52]} Qf6
{[%clk 0:01:35]} 23. Qxf6 {[%clk 0:01:20]} gxf6 {[%clk 0:01:36]} 24. Rh1
{[%clk 0:01:09]} Rd2 {[%clk 0:01:25]} 25. Bf5 {[%clk 0:01:01]} Re8
{[%clk 0:00:54]} 26. Rh3 {[%clk 0:00:27]} Bxc4 {[%clk 0:00:41]} 27. e4
{[%clk 0:00:27]} Bd3 {[%clk 0:00:33]} 28. Re1 {[%clk 0:00:07]} c4
{[%clk 0:00:26]} 29. Kf3 {[%clk 0:00:08]} Kf8 {[%clk 0:00:18]} 30. Rh8+
{[%clk 0:00:05]} Ke7 {[%clk 0:00:19]} 31. Rxe8+ {[%clk 0:00:06]} Kxe8
{[%clk 0:00:20]} 32. Ke3 {[%clk 0:00:07]} Ra2 {[%clk 0:00:19]} 33. Rh1
{[%clk 0:00:04]} Rxa3 {[%clk 0:00:19]} 34. Rh8+ {[%clk 0:00:05]} Ke7
{[%clk 0:00:20]} 35. Rc8 {[%clk 0:00:05]} Bf1+ {[%clk 0:00:11]} 36. Kf4
{[%clk 0:00:03]} Bg2 {[%clk 0:00:10]} 37. Rxc7+ {[%clk 0:00:04]} Kf8
{[%clk 0:00:12]} 38. g5 {[%clk 0:00:05]} fxg5+ {[%clk 0:00:10]} 39. Kxg5
{[%clk 0:00:06]} Kg7 {[%clk 0:00:10]} 40. f4 {[%clk 0:00:04]} Rg3+
{[%clk 0:00:10]} 41. Kh4 {[%clk 0:00:06]} Rf3 {[%clk 0:00:11]} 42. Kg4
{[%clk 0:00:05]} Re3 {[%clk 0:00:11]} 43. Be6 {[%clk 0:00:05]} Bh3+
{[%clk 0:00:10]} 44. Kg5 {[%clk 0:00:05]} Bxe6 {[%clk 0:00:07]} 45. dxe6
{[%clk 0:00:07]} Rxe4 {[%clk 0:00:08]} 46. Rxf7+ {[%clk 0:00:07]} Kg8
{[%clk 0:00:10]} 47. f5 {[%clk 0:00:07]} c3 {[%clk 0:00:07]} 48. Rc7
{[%clk 0:00:08]} Re3 {[%clk 0:00:08]} 49. Rc8+ {[%clk 0:00:09]} Kh7
{[%clk 0:00:07]} 50. Kf4 {[%clk 0:00:08]} Rd3 {[%clk 0:00:07]} 51. e7
{[%clk 0:00:08]} Rd4+ {[%clk 0:00:06]} 52. Kf3 {[%clk 0:00:05]} Rd3+
{[%clk 0:00:07]} 53. Kf2 {[%clk 0:00:05]} Rd2+ {[%clk 0:00:08]} 54. Ke1
{[%clk 0:00:06]} Rd5 {[%clk 0:00:07]} 55. e8=Q {[%clk 0:00:06]} Re5+
{[%clk 0:00:07]} 56. Qxe5 {[%clk 0:00:07]} dxe5 {[%clk 0:00:09]} 57. Rxc3
{[%clk 0:00:07]} Kg7 {[%clk 0:00:11]} 58. Rc7+ {[%clk 0:00:07]} 1-0

[Event "Russian Championship (men blitz)"]
[Site "Sochi"]
[Date "2017.10.02"]
[Round "7.13"]
[White "Tomashevsky, Evgeny"]
[Black "Popov, Ivan"]
[Result "1/2-1/2"]
[LiveChessVersion "1.4.8"]
[BlackElo "2607"]
[WhiteElo "2686"]

1. Nf3 {[%clk 0:03:03]} Nf6 {[%clk 0:03:01]} 2. g3 {[%clk 0:03:04]} d5
{[%clk 0:03:01]} 3. Bg2 {[%clk 0:03:04]} e6 {[%clk 0:03:01]} 4. O-O
{[%clk 0:03:03]} Be7 {[%clk 0:03:02]} 5. c4 {[%clk 0:03:01]} O-O {[%clk 0:02:59]}
6. b3 {[%clk 0:03:02]} b6 {[%clk 0:02:58]} 7. Bb2 {[%clk 0:03:01]} Bb7
{[%clk 0:02:59]} 8. e3 {[%clk 0:02:58]} c5 {[%clk 0:02:58]} 9. Nc3
{[%clk 0:02:56]} Qc8 {[%clk 0:02:58]} 10. Rc1 {[%clk 0:02:46]} dxc4
{[%clk 0:02:43]} 11. bxc4 {[%clk 0:02:46]} Ne4 {[%clk 0:02:40]} 12. d4
{[%clk 0:02:34]} Nxc3 {[%clk 0:02:36]} 13. Rxc3 {[%clk 0:02:30]} Rd8
{[%clk 0:02:24]} 14. Qa1 {[%clk 0:02:09]} Bf6 {[%clk 0:02:05]} 15. Rcc1
{[%clk 0:02:06]} Nc6 {[%clk 0:01:47]} 16. dxc5 {[%clk 0:01:12]} Bxb2
{[%clk 0:01:48]} 17. Qxb2 {[%clk 0:01:12]} bxc5 {[%clk 0:01:47]} 18. Rfd1
{[%clk 0:00:56]} Qc7 {[%clk 0:01:34]} 19. Ne5 {[%clk 0:00:22]} Nxe5
{[%clk 0:00:59]} 20. Qxb7 {[%clk 0:00:23]} Qxb7 {[%clk 0:00:59]} 21. Bxb7
{[%clk 0:00:24]} Rab8 {[%clk 0:01:00]} 22. Ba6 {[%clk 0:00:24]} Nd3
{[%clk 0:00:49]} 23. Rb1 {[%clk 0:00:17]} Nb4 {[%clk 0:00:50]} 24. Bb5
{[%clk 0:00:05]} Nxa2 {[%clk 0:00:35]} 25. Ra1 {[%clk 0:00:06]} Rxd1+
{[%clk 0:00:27]} 26. Rxd1 {[%clk 0:00:07]} Nc3 {[%clk 0:00:25]} 27. Rd7
{[%clk 0:00:08]} Nxb5 {[%clk 0:00:23]} 28. cxb5 {[%clk 0:00:09]} g5
{[%clk 0:00:22]} 29. Rxa7 {[%clk 0:00:07]} Rxb5 {[%clk 0:00:23]} 30. Rc7
{[%clk 0:00:06]} g4 {[%clk 0:00:20]} 31. h3 {[%clk 0:00:07]} h5 {[%clk 0:00:21]}
32. hxg4 {[%clk 0:00:08]} hxg4 {[%clk 0:00:22]} 33. Kf1 {[%clk 0:00:05]} Kg7
{[%clk 0:00:20]} 34. Ke2 {[%clk 0:00:06]} Rb2+ {[%clk 0:00:20]} 35. Ke1
{[%clk 0:00:03]} Rc2 {[%clk 0:00:21]} 36. e4 {[%clk 0:00:03]} Rc4
{[%clk 0:00:17]} 37. Kd2 {[%clk 0:00:04]} Kf6 {[%clk 0:00:15]} 38. e5+
{[%clk 0:00:05]} Kg6 {[%clk 0:00:12]} 39. Ke3 {[%clk 0:00:07]} Kf5
{[%clk 0:00:08]} 40. Rxf7+ {[%clk 0:00:07]} Kxe5 {[%clk 0:00:09]} 41. Rc7
{[%clk 0:00:09]} Rc3+ {[%clk 0:00:09]} 42. Kd2 {[%clk 0:00:10]} Rc4
{[%clk 0:00:09]} 43. Kd3 {[%clk 0:00:12]} Rd4+ {[%clk 0:00:10]} 44. Ke3
{[%clk 0:00:13]} Kd5 {[%clk 0:00:08]} 45. f3 {[%clk 0:00:07]} gxf3 46. Kxf3 c4
{[%clk 0:00:08]} 47. g4 {[%clk 0:00:08]} Rd3+ {[%clk 0:00:09]} 48. Kf2
{[%clk 0:00:07]} Rd4 {[%clk 0:00:05]} 49. Kf3 {[%clk 0:00:08]} Rd3+
{[%clk 0:00:06]} 50. Kf2 {[%clk 0:00:09]} c3 {[%clk 0:00:04]} 51. g5
{[%clk 0:00:10]} Kd6 {[%clk 0:00:05]} 52. Rc4 {[%clk 0:00:10]} Ke5
{[%clk 0:00:05]} 53. g6 {[%clk 0:00:08]} Kf6 54. Rc6 Kxg6 {[%clk 0:00:04]} 55.
Rxe6+ {[%clk 0:00:11]} Kf5 {[%clk 0:00:05]} 56. Re8 {[%clk 0:00:06]} Rd2+
{[%clk 0:00:03]} 57. Ke3 {[%clk 0:00:05]} Rd1 {[%clk 0:00:03]} 58. Rc8
{[%clk 0:00:06]} Rc1 {[%clk 0:00:04]} 59. Ke4+ Ke5+ 1/2-1/2

[Event "Russian Championship (men blitz)"]
[Site "Sochi"]
[Date "2017.10.02"]
[Round "7.14"]
[White "Inarkiev, Ernesto"]
[Black "Belyakov, Bogdan"]
[Result "1-0"]
[LiveChessVersion "1.4.8"]
[BlackElo "2477"]
[WhiteElo "2677"]

1. e4 {[%clk 0:03:03]} e5 {[%clk 0:03:03]} 2. Nf3 {[%clk 0:03:04]} Nc6
{[%clk 0:03:04]} 3. Bc4 {[%clk 0:03:06]} Bc5 {[%clk 0:03:04]} 4. O-O
{[%clk 0:03:06]} Nf6 {[%clk 0:03:04]} 5. d3 {[%clk 0:03:07]} O-O {[%clk 0:03:01]}
6. h3 {[%clk 0:03:08]} a6 {[%clk 0:02:59]} 7. c3 {[%clk 0:03:07]} Ba7
{[%clk 0:02:43]} 8. Bb3 {[%clk 0:03:08]} d6 {[%clk 0:02:32]} 9. Re1
{[%clk 0:03:06]} Be6 {[%clk 0:02:32]} 10. Bc2 {[%clk 0:03:07]} Ne7
{[%clk 0:02:22]} 11. Nbd2 {[%clk 0:03:07]} Ng6 {[%clk 0:02:22]} 12. Nf1
{[%clk 0:03:08]} Nh5 {[%clk 0:02:06]} 13. Bg5 {[%clk 0:02:34]} f6
{[%clk 0:02:05]} 14. Be3 {[%clk 0:02:35]} Nhf4 {[%clk 0:02:03]} 15. d4
{[%clk 0:02:36]} Qd7 {[%clk 0:01:33]} 16. h4 {[%clk 0:02:11]} Bg4
{[%clk 0:01:25]} 17. g3 {[%clk 0:02:07]} Nh3+ {[%clk 0:00:54]} 18. Kg2
{[%clk 0:02:09]} f5 {[%clk 0:00:55]} 19. exf5 {[%clk 0:01:45]} Bxf5
{[%clk 0:00:56]} 20. Bxf5 {[%clk 0:01:38]} Qxf5 {[%clk 0:00:54]} 21. dxe5
{[%clk 0:01:39]} Nxf2 {[%clk 0:00:42]} 22. Bxf2 {[%clk 0:01:15]} Bxf2
{[%clk 0:00:42]} 23. Kxf2 {[%clk 0:01:16]} Nxe5 {[%clk 0:00:43]} 24. Rxe5
{[%clk 0:01:12]} Qxe5 {[%clk 0:00:36]} 25. Kg2 {[%clk 0:01:13]} Qe4
{[%clk 0:00:34]} 26. N1d2 {[%clk 0:01:15]} Qc6 {[%clk 0:00:33]} 27. Qb3+
{[%clk 0:01:14]} Kh8 {[%clk 0:00:34]} 28. Qc4 {[%clk 0:01:08]} Qd7
{[%clk 0:00:34]} 29. Re1 {[%clk 0:01:05]} Rae8 {[%clk 0:00:34]} 30. Rxe8 Rxe8
{[%clk 0:00:35]} 31. Ng5 {[%clk 0:01:05]} Rf8 {[%clk 0:00:30]} 32. Qd3
{[%clk 0:01:06]} Qf5 {[%clk 0:00:28]} 33. Qxf5 {[%clk 0:00:59]} Rxf5
{[%clk 0:00:29]} 34. Ndf3 {[%clk 0:01:00]} a5 {[%clk 0:00:22]} 35. Ne6
{[%clk 0:00:59]} c6 {[%clk 0:00:20]} 36. a4 {[%clk 0:00:58]} Rf7 {[%clk 0:00:18]}
37. Ned4 {[%clk 0:00:54]} g6 {[%clk 0:00:17]} 38. Ng5 {[%clk 0:00:52]} Re7
{[%clk 0:00:18]} 39. Kf2 {[%clk 0:00:53]} Kg7 {[%clk 0:00:19]} 40. Nge6+
{[%clk 0:00:49]} Kf6 {[%clk 0:00:18]} 41. Nf4 {[%clk 0:00:51]} h6
{[%clk 0:00:14]} 42. Ng2 {[%clk 0:00:51]} d5 {[%clk 0:00:14]} 43. Ne3
{[%clk 0:00:47]} h5 {[%clk 0:00:13]} 44. Nf3 {[%clk 0:00:45]} Rd7
{[%clk 0:00:13]} 45. Ng2 {[%clk 0:00:42]} c5 {[%clk 0:00:13]} 46. Nf4
{[%clk 0:00:43]} d4 {[%clk 0:00:13]} 47. c4 {[%clk 0:00:44]} Kf5 {[%clk 0:00:10]}
48. Nd3 {[%clk 0:00:36]} b6 {[%clk 0:00:09]} 49. Nf4 {[%clk 0:00:35]} Rd6
{[%clk 0:00:08]} 50. Ng5 {[%clk 0:00:33]} d3 {[%clk 0:00:07]} 51. Nd5
{[%clk 0:00:30]} d2 {[%clk 0:00:05]} 52. Ke2 {[%clk 0:00:30]} Kg4
{[%clk 0:00:04]} 53. Kxd2 {[%clk 0:00:31]} Rc6 {[%clk 0:00:00]} 1-0

[Event "Russian Championship (men blitz)"]
[Site "Sochi"]
[Date "2017.10.02"]
[Round "8.8"]
[White "Potkin, Vladimir"]
[Black "Morozevich, Alexander"]
[Result "1/2-1/2"]
[LiveChessVersion "1.4.8"]
[BlackElo "2642"]
[WhiteElo "2497"]

1. e4 {[%clk 0:03:03]} c5 {[%clk 0:02:55]} 2. Nf3 {[%clk 0:03:03]} e6
{[%clk 0:02:56]} 3. c3 {[%clk 0:03:03]} d5 {[%clk 0:02:47]} 4. exd5
{[%clk 0:03:03]} exd5 {[%clk 0:02:45]} 5. d4 {[%clk 0:03:04]} Nc6
{[%clk 0:02:46]} 6. Bb5 {[%clk 0:03:04]} Bd6 {[%clk 0:02:35]} 7. dxc5
{[%clk 0:03:05]} Bxc5 {[%clk 0:02:36]} 8. O-O {[%clk 0:03:05]} Nge7
{[%clk 0:02:31]} 9. Nbd2 {[%clk 0:03:06]} O-O {[%clk 0:02:32]} 10. Nb3
{[%clk 0:03:06]} Bb6 {[%clk 0:02:33]} 11. Re1 {[%clk 0:03:07]} Bg4
{[%clk 0:02:26]} 12. h3 {[%clk 0:03:04]} Bh5 {[%clk 0:02:23]} 13. Be3
{[%clk 0:02:43]} Bc7 {[%clk 0:01:53]} 14. Bc5 {[%clk 0:02:32]} Re8
{[%clk 0:01:54]} 15. Be2 {[%clk 0:02:22]} Ng6 {[%clk 0:01:30]} 16. Nfd4
{[%clk 0:02:20]} Bxe2 {[%clk 0:01:26]} 17. Rxe2 {[%clk 0:02:21]} Qg5
{[%clk 0:01:24]} 18. Rxe8+ {[%clk 0:01:58]} Rxe8 {[%clk 0:01:25]} 19. Qg4
{[%clk 0:01:59]} Qe5 {[%clk 0:00:59]} 20. g3 {[%clk 0:01:49]} h5 {[%clk 0:01:00]}
21. Qf5 {[%clk 0:01:44]} h4 {[%clk 0:01:00]} 22. Qxe5 {[%clk 0:01:39]} Ncxe5
{[%clk 0:01:00]} 23. Re1 {[%clk 0:01:17]} hxg3 {[%clk 0:01:01]} 24. fxg3
{[%clk 0:01:18]} a6 {[%clk 0:01:02]} 25. Kg2 {[%clk 0:01:18]} f6 {[%clk 0:00:43]}
26. Re2 {[%clk 0:01:18]} Kf7 {[%clk 0:00:44]} 27. Nf5 {[%clk 0:01:18]} Nd3
{[%clk 0:00:34]} 28. Rd2 {[%clk 0:01:04]} Nge5 {[%clk 0:00:11]} 29. Bd6
{[%clk 0:01:05]} Rc8 {[%clk 0:00:04]} 30. Bxe5 {[%clk 0:00:43]} Nxe5
{[%clk 0:00:05]} 31. Rxd5 {[%clk 0:00:44]} Ke6 {[%clk 0:00:06]} 32. Ne3
{[%clk 0:00:45]} Bb6 {[%clk 0:00:07]} 33. Nd4+ {[%clk 0:00:46]} Bxd4
{[%clk 0:00:09]} 34. Rxd4 {[%clk 0:00:47]} b5 {[%clk 0:00:08]} 35. g4
{[%clk 0:00:45]} g6 {[%clk 0:00:10]} 36. Kg3 {[%clk 0:00:45]} f5 {[%clk 0:00:10]}
37. a4 {[%clk 0:00:22]} Rb8 {[%clk 0:00:08]} 38. axb5 {[%clk 0:00:22]} Rxb5
{[%clk 0:00:09]} 39. b4 {[%clk 0:00:22]} a5 {[%clk 0:00:10]} 40. Kf4
{[%clk 0:00:16]} fxg4 {[%clk 0:00:08]} 41. hxg4 {[%clk 0:00:17]} g5+
{[%clk 0:00:06]} 42. Ke4 {[%clk 0:00:18]} Nc6 {[%clk 0:00:06]} 43. Rc4
{[%clk 0:00:18]} Ne7 {[%clk 0:00:05]} 44. Nc2 {[%clk 0:00:14]} Re5+
{[%clk 0:00:05]} 45. Kd3 {[%clk 0:00:14]} axb4 {[%clk 0:00:06]} 46. cxb4
{[%clk 0:00:14]} Nd5 {[%clk 0:00:07]} 47. Nd4+ {[%clk 0:00:13]} Kd7
{[%clk 0:00:08]} 48. Nf5 {[%clk 0:00:14]} Nf4+ {[%clk 0:00:05]} 49. Kd4
{[%clk 0:00:14]} Rb5 {[%clk 0:00:05]} 50. Kc3 {[%clk 0:00:12]} Nd5+
{[%clk 0:00:06]} 51. Kb3 {[%clk 0:00:13]} Nf6 {[%clk 0:00:07]} 52. Ne3
{[%clk 0:00:13]} Kd6 {[%clk 0:00:08]} 53. Ka4 {[%clk 0:00:13]} Rb8
{[%clk 0:00:09]} 54. b5 {[%clk 0:00:14]} Ke5 {[%clk 0:00:09]} 55. Kb4
{[%clk 0:00:14]} Ne4 {[%clk 0:00:10]} 56. Rc1 {[%clk 0:00:10]} Kd4
{[%clk 0:00:10]} 57. Nf5+ {[%clk 0:00:11]} Ke5 {[%clk 0:00:11]} 58. Re1
{[%clk 0:00:11]} Kf4 {[%clk 0:00:13]} 59. Ne7 {[%clk 0:00:09]} Nd6
{[%clk 0:00:13]} 60. Kc5 {[%clk 0:00:05]} Rxb5+ {[%clk 0:00:12]} 61. Kxd6
{[%clk 0:00:06]} Kxg4 {[%clk 0:00:13]} 1/2-1/2

[Event "Russian Championship (men blitz)"]
[Site "Sochi"]
[Date "2017.10.02"]
[Round "8.14"]
[White "Belyakov, Bogdan"]
[Black "Inarkiev, Ernesto"]
[Result "1-0"]
[LiveChessVersion "1.4.8"]
[BlackElo "2677"]
[WhiteElo "2477"]

1. e4 {[%clk 0:03:03]} c5 {[%clk 0:03:03]} 2. c3 {[%clk 0:03:04]} Nf6
{[%clk 0:03:04]} 3. e5 {[%clk 0:03:05]} Nd5 {[%clk 0:03:05]} 4. Bc4
{[%clk 0:03:06]} e6 {[%clk 0:02:59]} 5. Nf3 {[%clk 0:03:06]} d6 {[%clk 0:03:00]}
6. d4 {[%clk 0:03:06]} cxd4 {[%clk 0:03:01]} 7. cxd4 {[%clk 0:03:07]} Be7
{[%clk 0:02:52]} 8. O-O {[%clk 0:03:05]} O-O {[%clk 0:02:52]} 9. Qe2
{[%clk 0:03:03]} b6 {[%clk 0:02:51]} 10. Nc3 {[%clk 0:02:59]} Nxc3
{[%clk 0:02:43]} 11. bxc3 {[%clk 0:02:59]} Bb7 {[%clk 0:02:44]} 12. Bd3
{[%clk 0:02:55]} Nc6 {[%clk 0:02:34]} 13. Qe4 {[%clk 0:02:41]} g6
{[%clk 0:02:30]} 14. Bh6 {[%clk 0:02:41]} Re8 {[%clk 0:02:31]} 15. Qf4
{[%clk 0:02:42]} dxe5 {[%clk 0:02:21]} 16. Nxe5 {[%clk 0:02:42]} Nxe5
{[%clk 0:02:22]} 17. Qxe5 {[%clk 0:02:41]} Bf6 {[%clk 0:02:18]} 18. Qg3
{[%clk 0:02:36]} Rc8 {[%clk 0:02:12]} 19. Bb5 {[%clk 0:02:25]} Re7
{[%clk 0:01:50]} 20. Rfe1 {[%clk 0:02:24]} Rec7 {[%clk 0:01:41]} 21. Re3
{[%clk 0:02:21]} Qd5 {[%clk 0:01:01]} 22. a4 {[%clk 0:02:08]} Qb3
{[%clk 0:01:00]} 23. Qf4 {[%clk 0:01:47]} Bh8 {[%clk 0:00:48]} 24. Rc1
{[%clk 0:01:40]} a6 {[%clk 0:00:45]} 25. Bf1 {[%clk 0:01:18]} Qxa4
{[%clk 0:00:46]} 26. h4 {[%clk 0:01:10]} b5 {[%clk 0:00:36]} 27. Qd6
{[%clk 0:01:01]} Qa2 {[%clk 0:00:29]} 28. c4 {[%clk 0:00:58]} Bg7
{[%clk 0:00:28]} 29. Bxg7 {[%clk 0:00:54]} Kxg7 {[%clk 0:00:30]} 30. Qe5+
{[%clk 0:00:54]} f6 {[%clk 0:00:18]} 31. Qxe6 {[%clk 0:00:55]} Qd2
{[%clk 0:00:19]} 32. Rce1 {[%clk 0:00:51]} bxc4 {[%clk 0:00:17]} 33. Qd6
{[%clk 0:00:51]} Rf7 {[%clk 0:00:13]} 34. Re7 {[%clk 0:00:49]} Rcf8
{[%clk 0:00:08]} 35. Bxc4 {[%clk 0:00:49]} Rxe7 {[%clk 0:00:04]} 36. Qxe7+
{[%clk 0:00:48]} Kh6 {[%clk 0:00:05]} 37. Qxf8+ Kh5 {[%clk 0:00:06]} 38. Be2+
{[%clk 0:00:48]} Kxh4 39. Qxf6+ {[%clk 0:00:44]} 1-0

[Event "Russian Championship (men blitz)"]
[Site "Sochi"]
[Date "2017.10.02"]
[Round "8.22"]
[White "Kryakvin, Dmitry"]
[Black "Savitskiy, Sergey"]
[Result "1/2-1/2"]
[LiveChessVersion "1.4.8"]
[BlackElo "2327"]
[WhiteElo "2483"]

1. d4 {[%clk 0:03:03]} Nf6 {[%clk 0:02:59]} 2. Bg5 {[%clk 0:03:04]} Ne4
{[%clk 0:03:00]} 3. Bf4 {[%clk 0:03:05]} d5 {[%clk 0:03:01]} 4. e3
{[%clk 0:03:06]} c5 {[%clk 0:02:56]} 5. Bd3 {[%clk 0:03:06]} cxd4
{[%clk 0:02:50]} 6. Bxe4 {[%clk 0:02:59]} dxe4 {[%clk 0:02:50]} 7. exd4
{[%clk 0:03:00]} Nc6 {[%clk 0:02:48]} 8. Ne2 {[%clk 0:02:46]} e5 {[%clk 0:02:48]}
9. dxe5 {[%clk 0:02:33]} Qxd1+ {[%clk 0:02:48]} 10. Kxd1 {[%clk 0:02:35]} Bg4
{[%clk 0:02:31]} 11. Nbc3 {[%clk 0:02:35]} O-O-O+ {[%clk 0:01:52]} 12. Ke1
{[%clk 0:02:36]} Bb4 {[%clk 0:01:46]} 13. a3 {[%clk 0:02:29]} Bxc3+
{[%clk 0:01:02]} 14. Nxc3 {[%clk 0:02:29]} Rhe8 {[%clk 0:01:03]} 15. h3
{[%clk 0:02:12]} Bf5 {[%clk 0:00:56]} 16. Rd1 {[%clk 0:02:03]} Rxd1+
{[%clk 0:00:51]} 17. Nxd1 {[%clk 0:02:01]} Nxe5 {[%clk 0:00:48]} 18. Ne3
{[%clk 0:02:01]} Bd7 {[%clk 0:00:39]} 19. Bxe5 {[%clk 0:01:39]} Rxe5
{[%clk 0:00:40]} 20. g4 {[%clk 0:01:40]} h5 {[%clk 0:00:30]} 21. Rg1
{[%clk 0:01:31]} hxg4 {[%clk 0:00:29]} 22. hxg4 {[%clk 0:01:32]} Kc7
{[%clk 0:00:27]} 23. Kd2 {[%clk 0:01:31]} Rg5 {[%clk 0:00:23]} 24. Rg3
{[%clk 0:01:27]} Be6 {[%clk 0:00:17]} 25. c4 {[%clk 0:01:24]} Kd6
{[%clk 0:00:17]} 26. Kc3 {[%clk 0:01:09]} Ke5 {[%clk 0:00:18]} 27. b4
{[%clk 0:01:09]} g6 {[%clk 0:00:08]} 28. a4 {[%clk 0:01:00]} f5 {[%clk 0:00:08]}
29. gxf5 {[%clk 0:01:01]} Rxg3 {[%clk 0:00:09]} 30. fxg3 {[%clk 0:01:02]} gxf5
{[%clk 0:00:10]} 31. b5 {[%clk 0:00:56]} b6 {[%clk 0:00:09]} 32. Ng2
{[%clk 0:00:52]} Bg8 {[%clk 0:00:06]} 33. Nf4 Bf7 34. Ne2 {[%clk 0:00:44]} Be6
{[%clk 0:00:08]} 35. Nd4 {[%clk 0:00:42]} Bd7 {[%clk 0:00:09]} 36. Nc2
{[%clk 0:00:40]} Be6 {[%clk 0:00:08]} 37. Ne3 {[%clk 0:00:39]} Bf7
{[%clk 0:00:06]} 38. c5 {[%clk 0:00:37]} bxc5 {[%clk 0:00:07]} 39. a5
{[%clk 0:00:39]} f4 {[%clk 0:00:05]} 40. gxf4+ {[%clk 0:00:38]} Kd6
{[%clk 0:00:07]} 41. f5 {[%clk 0:00:36]} Be8 {[%clk 0:00:07]} 42. Nc4+
{[%clk 0:00:37]} Kd5 {[%clk 0:00:07]} 43. f6 {[%clk 0:00:29]} Ke6
{[%clk 0:00:05]} 44. b6 {[%clk 0:00:14]} axb6 {[%clk 0:00:06]} 45. axb6
{[%clk 0:00:15]} Bc6 {[%clk 0:00:07]} 46. f7 Ke7 {[%clk 0:00:06]} 47. Ne5 Bd5 48.
Kd2 {[%clk 0:00:09]} c4 {[%clk 0:00:10]} 49. Kd1 {[%clk 0:00:06]} Ba8
{[%clk 0:00:04]} 50. Ke2 {[%clk 0:00:05]} Bd5 {[%clk 0:00:05]} 51. Kd2
{[%clk 0:00:06]} Ba8 {[%clk 0:00:06]} 52. Nxc4 {[%clk 0:00:05]} Kxf7
{[%clk 0:00:07]} 53. Ke3 {[%clk 0:00:06]} Ke6 {[%clk 0:00:08]} 54. Kd4
{[%clk 0:00:07]} Kd7 {[%clk 0:00:09]} 55. Kc5 {[%clk 0:00:08]} Bb7
{[%clk 0:00:09]} 56. Ne3 {[%clk 0:00:08]} Kc8 {[%clk 0:00:10]} 57. Nf5
{[%clk 0:00:08]} Kb8 {[%clk 0:00:11]} 58. Kd4 {[%clk 0:00:08]} 1/2-1/2